|
|
|
|
| LEADER |
00000csc a2200000 a 4500 |
| 001 |
92532 |
| 005 |
20230308215433.0 |
| 008 |
010050|1949 ||||||||r|||||||||||spa|| |
| 040 |
|
|
|b spa
|
| 041 |
1 |
|
|a spa
|
| 082 |
0 |
|
|a 324.2
|
| 245 |
|
|
|a Historia de los partidos políticos Chilenos
|c Alberto Edwards Vives, Eduardo Frei Montalva
|h imp
|
| 264 |
|
|
|a Santiago
|b Del Pacífico
|c 1949
|
| 300 |
|
|
|a 262 páginas:
|c 18 cm
|
| 490 |
|
|
|a Colección de Obras Políticas e Históricas
|
| 504 |
|
|
|a incl. ref.
|
| 650 |
|
|
|a Ciencia politica
|9 8811
|
| 650 |
|
|
|a Partidos politicos chilenos
|9 302484
|
| 650 |
|
|
|a Chile revolucion de 1830
|9 302485
|
| 650 |
|
|
|a Partido liberal
|9 105
|
| 650 |
|
|
|a Monttvarismo
|9 302486
|
| 700 |
1 |
|
|a Edwards Vives, Alberto
|e coautor
|9 302487
|
| 700 |
1 |
|
|a Frei Montalva, Eduardo
|e coautor
|9 69576
|
| 852 |
|
|
|a UC-CDJBV
|c ESTANTERIA CERRADA
|f Compra
|k sergio.cajamarca
|l 1
|m General
|p 20100508
|r 2
|t 92532
|b 0
|d CDRC
|e CDRC
|g 324.2 ESTANTERIA CERRADA
|z 2010-00-50
|
| 942 |
|
|
|
| 999 |
|
|
|c 130811
|d 130811
|